Statistics for Daily U.S. State Riddle #32

Click here to take the quiz!

General Stats

  • This quiz has been taken 57 times
  • The average score is 37 of 39

Answer Stats

TypeAnswer% Correct
Found LetterE
100%
Found LetterI
100%
Alphabet LetterK
100%
Found LetterM
100%
Found LetterN
100%
Alphabet LetterO
100%
Found LetterR
100%
Found LetterS
100%
Found LetterW
100%
Found LetterA
98%
Alphabet LetterB
98%
Alphabet LetterC
98%
Alphabet LetterD
98%
Found LetterH
98%
Alphabet LetterL
98%
Alphabet LetterY
98%
Alphabet LetterF
96%
Alphabet LetterG
96%
Alphabet LetterT
96%
Alphabet LetterV
96%
Alphabet LetterX
96%
Alphabet LetterZ
94%
Alphabet LetterJ
92%
Found LetterP
92%
Alphabet LetterU
92%
Correctly Placed LetterA
91%
Correctly Placed LetterE
91%
Correctly Placed LetterE
91%
Correctly Placed LetterH
91%
Correctly Placed LetterH
91%
Correctly Placed LetterI
91%
Correctly Placed LetterM
91%
Correctly Placed LetterN
91%
Mystery U.S. StateNew Hampshire
91%
Correctly Placed LetterP
91%
Alphabet LetterQ
91%
Correctly Placed LetterR
91%
Correctly Placed LetterS
91%
Correctly Placed LetterW
91%

Score Distribution

Percentile by Number Answered

Percent of People with Each Score

Your Score History

You have not taken this quiz